Escritores célebres: españoles e hispanoamericanos
Saved in:
| Hovedforfatter: | |
|---|---|
| Format: | Bog |
| Sprog: | spansk |
| Udgivet: |
Lima
Central Peruana de Publicaciones
1999
|
| Serier: | Grandes Figuras de la Humanidad, 1
|
| Fag: | |
| Tags: |
Tilføj Tag
Ingen Tags, Vær først til at tagge denne postø!
|
MARC
| LEADER | 00000nam a2200000 a 4500 | ||
|---|---|---|---|
| 001 | UCT3326 | ||
| 003 | CL-VaPUC | ||
| 008 | 961018e19990000PE |||||||||||||||||spa|d | ||
| 082 | 0 | 4 | |a 920 |b BRE |2 21 |
| 100 | 0 | |a Breyter, Perla Minuchín de |e author |9 372249 | |
| 245 | 1 | 0 | |a Escritores célebres: españoles e hispanoamericanos |
| 300 | |a 462 p | ||
| 942 | |c BK | ||
| 945 | |d 19961018 00:00:00 |a lriquelm | ||
| 260 | |a Lima |b Central Peruana de Publicaciones |c 1999 | ||
| 650 | 0 | |a Escritores |9 313723 | |
| 650 | 0 | |a Biografías |9 255210 | |
| 650 | 0 | |a Literatura española |9 306261 | |
| 583 | |a last modification |c 19961018 00:00:00 |k Rodrigo Vera | ||
| 490 | 0 | |a Grandes Figuras de la Humanidad, 1 | |
| 999 | |c 253018 |d 253016 | ||